| 000 | 00412nam a22001337a 4500 | ||
|---|---|---|---|
| 040 | _cNUST | ||
| 082 | _a200 THE | ||
| 100 | _aQurat-ul-ain | ||
| 110 | _aSupervisor Dr. Arslan Shaukat | ||
| 245 | _aTH-SOF-1998-NLP based Model for Classification of Complaints Autonomous and Intelligent System | ||
| 260 |
_aISLAMABAD: _bNUST COLLEGE OF EME, _c2022. |
||
| 650 | _aMS-COMPUTER ENGINEERING-19 | ||
| 942 |
_2ddc _cTHE |
||
| 999 |
_c590241 _d590241 |
||